Score 0/15 Timer 02:00
13 Plays Today
% Correct
Rubeus Hagrid
96.1%
Dobby
96%
Minerva Mcgonagall
93.9%
Severus Snape
93.1%
Bellatrix Lestrange
92.7%
Molly Weasley
90.6%
Vernon Dursley
88.2%
Griphook
86.8%
% Correct
Quirinus Quirrell
86.7%
Dolores Umbridge
85.7%
Alastor Moody
84.8%
Kingsley Shacklebolt
82.6%
Peter Pettigrew
79.6%
Lucius Malfoy
78.4%
Rufus Scrimgeour
65.2%
Remove Ads.
Support Sporcle.
Get the best of Sporcle when you Go Orange. This ad-free experience offers more features, more stats, and more fun while also helping to support Sporcle. Thank you for becoming a member.

You're not logged in!

Compare scores with friends on all Sporcle quizzes.
OR
Log In

Show Comments

Extras

Top Quizzes Today


Score Distribution

Your Account Isn't Verified!

In order to create a playlist on Sporcle, you need to verify the email address you used during registration. Go to your Sporcle Settings to finish the process.

Report this User

Report this user for behavior that violates our Community Guidelines.

Details: